The Creed of the Noncommissioned Officer - Statistics

General Stats
  • This quiz has been taken 141 times
    88 since last reset
  • The average score is 122 of 289
Answer Stats
Answer % Correct
is
100%
more
100%
No
100%
one
100%
a
96%
am
96%
I.
96%
I
96%
professional
96%
than
96%
a
93%
a
93%
As
93%
leader
93%
noncommissioned
93%
noncommissioned
93%
of
93%
officer,
93%
officer,
93%
Soldiers.
93%
I
89%
realize
89%
a
85%
a
85%
am
85%
corps,
85%
honored
85%
I
85%
member
85%
of
85%
that
85%
time
85%
which
81%
am
78%
Army."
78%
as
78%
backbone
78%
I
78%
is
78%
known
78%
of
78%
"The
78%
the
78%
all
74%
and
74%
at
74%
corps
74%
noncommissioned
74%
of
74%
of
74%
officers,
74%
proud
74%
the
74%
times
74%
will
74%
as
70%
bring
70%
conduct
70%
corps,
70%
credit
70%
myself
70%
so
70%
the
70%
to
70%
upon
70%
and
67%
attain
67%
country,
67%
find
67%
grade
67%
I
67%
I
67%
in
67%
military
67%
my
67%
my
67%
myself.
67%
not
67%
of
67%
or
67%
or
67%
personal
67%
pleasure
67%
position
67%
profit
67%
regardless
67%
safety.
67%
service,
67%
situation
67%
the
67%
the
67%
to
67%
use
67%
which
67%
will
67%
Competence
63%
is
63%
my
63%
My
63%
watchword.
63%
accomplishment
59%
always
59%
am
59%
and
59%
and
59%
basic
59%
be
59%
I
59%
I
59%
in
59%
mind -
59%
mission,
59%
most
59%
my
59%
my
59%
my
59%
of
59%
of
59%
proficient.
59%
remain
59%
responsibilities
59%
soldiers.
59%
strive
59%
tactically
59%
technically
59%
the
59%
to
59%
two
59%
upper
59%
welfare
59%
will
59%
will
59%
aware
56%
my
56%
of
56%
a
52%
as
52%
fulfill
52%
I
52%
my
52%
noncommissioned
52%
officer.
52%
responsibilities
52%
role
52%
will
52%
in
48%
inherent
48%
role.
48%
that
48%
All
44%
are
41%
entitled
41%
I
41%
leadership,
41%
leadership.
41%
outstanding
41%
provide
41%
Soldiers
41%
that
41%
to
41%
will
41%
I
37%
know
37%
my
37%
above
33%
always
33%
and
33%
communicate
33%
I
33%
I
33%
my
33%
needs
33%
own.
33%
place
33%
Soldiers,
33%
their
33%
will
33%
will
33%
and
15%
and
15%
be
15%
consistantly
15%
fair
15%
I
15%
impartial
15%
leave
15%
my
15%
never
15%
Soldiers,
15%
them
15%
uninformed.
15%
when
15%
will
15%
with
15%
and
11%
both
11%
have
11%
maximum
11%
my
11%
of
11%
Officers
11%
punishments.
11%
recommending
11%
rewards
11%
time
11%
to
11%
unit
11%
will
11%
accomplish
7%
accomplish
7%
and
7%
as
7%
as
7%
confidence,
7%
duties,
7%
earn
7%
have
7%
I
7%
mine.
7%
my
7%
not
7%
of
7%
respect
7%
soldiers.
7%
that
7%
their
7%
their
7%
they
7%
to
7%
well
7%
will
7%
will
7%
and
4%
be
4%
I
4%
I
4%
loyal
4%
peers,
4%
seniors,
4%
serve;
4%
those
4%
to
4%
whom
4%
will
4%
with
4%
absence
0%
action
0%
alike.
0%
allow
0%
appropriate
0%
are
0%
by
0%
compromise
0%
comrades
0%
courage.
0%
exercise
0%
forget,
0%
forget,
0%
I
0%
I
0%
I
0%
I
0%
in
0%
initiative
0%
integrity,
0%
LEADERS!
0%
moral
0%
my
0%
my
0%
my
0%
noncommissioned
0%
nor
0%
nor
0%
not
0%
not
0%
of
0%
officers,
0%
orders.
0%
professionals,
0%
subordinates
0%
taking
0%
that
0%
the
0%
to
0%
we
0%
will
0%
will
0%
will
0%
will
0%
No matching quizzes found
Score Distribution
Percent of People with Each Score
Percentile by Number Answered
Your Score History
You have not taken this quiz since the last reset